000 00754nam a22002417a 4500
005 20251108173347.0
008 250721s2000 xx 000 0 ara d
082 1 4 _aط/523.1
100 1 _aريدفرن، مارتن
245 1 0 _aالفضاء /
246 1 1 _aThe King Fisher Book of space
264 1 _aبيروت :
_bالدار العربية للعلوم،
_c2000.
300 _a95ص. : مص
490 0 _aكتابي المفضل
650 1 7 _aالنجوم
650 1 7 _aالمجرات
650 1 7 _aالكواكب
650 1 7 _aالمذنبات
653 _a(سنة 14-10) ناشئون صغار
710 2 _aالدار العربية للعلوم . مركز التعريب و البرمجة
942 _2ddc
_cBK
999 _c102108
_d102108